LEADER 01027nam a2200277 a 4500 001 000000133434 003 CaOOAMICUS 005 20130409111507.0 008 130409s2012 it u000 u ita r 020 $a978-88-263-1850-9 040 $aPUL$bita 082 04$a236 245 00$aParadiso giardino di speranza /$cSilvio Calzolari ... [et al.]. 260 $aRoma :$bBorla,$c©2012. 300 $a180 p. ;$c21 cm 504 $aBibliografia in nota. 650 4$aParadiso.$0(OLS)http://pul/subject/23337 700 1 $aCalzolari, Silvio.$0(OLS)http://pul/name/85968 850 $aPUL 852 $aPUL$W1$xDP2 Religione 3$y114$m236 CALSI 1$j153348$qDDC 21$B152907$CPULBib$Z2$F152907 $H122104 $82 941 1 $a9 996 $6020$a978-88-263-1850-9$9(OLS)http://pul/number/152319 996 $6082$a236$9(OLS)http://pul/classification/229 996 $6245$aParadiso giardino di speranza$9(OLS)http://pul/title/168620 996 $6260$aRoma :$bBorla$9(OLS)http://pul/publisher/48061 LEADER 01050nam a2200265 a 4500 001 000000142073 003 CaOOAMICUS 005 20150303132720.0 008 150303s2015 it u000 u ita r 020 $a978-88-14-20162-2 040 $aPUL$bita 082 $a347.4507 100 1 $aCirulli, Massimo.$0(OLS)http://pul/name/91453 245 13$aLa sospensione del processo esecutivo /$cMassimo Cirulli. 260 $aMilano :$bGiuffrè,$c©2015. 300 $aX, 571 p. ;$c25 cm 650 4$aProcedura civile$zItalia.$0(OLS)http://pul/subject/14566 850 $aPUL 852 $aPUL$W1$xSL Diritto e Scienze Sociali 3$y79$m347. 4507 CIRMA 1$j164005$qDDC 21$B164077$CPULBib$Z2$F164077 $H125496 $82 941 1 $a9 996 $6020$a978-88-14-20162-2$9(OLS)http://pul/number/157108 996 $6082$a347.4507$9(OLS)http://pul/classification/1875 996 $6245$aLa sospensione del processo esecutivo$9(OLS)http://pul/title/179841 996 $6260$aMilano :$bGiuffrè$9(OLS)http://pul/publisher/48401